000 00496nam a2200193Ia 4500
003 GCL
008 140319s9999 xx 000 0 eng d
040 _aGCL /
_cGCL
082 0 4 _a759
_bN P
100 1 _aNERET, GILLES
245 1 0 _aPOBLO PICASSO /
_cNERET, GILLES
260 _a[S.N] :
_bEDITIONS DE VERGEURES ،
_c1981
300 _a56 PP
490 _aL'ECOLE DES GRANDS PEINTRES
_v0
650 0 4 _aARTS
650 0 4 _aPAINTING
650 0 4 _aPICASSO, PABLO, 1881 - 1973
942 _2ddc
_cBK
999 _c20330
_d20330